00545pab a2200157 454500008004000000100001600040245013200056260000900188300000900197362001000206650004500216773001200261909000900273999001500282952009000297180718b1984 xxu||||| |||| 00| 0 eng d aJoshi, A.K. aA federal remedybA symposium on the constitutional provision for an inter - state council - a select and relevant bibliography c1984 a45-7 aSept. aFederal - State Relations - Bibliography aSeminar a8411 c8411d8411 00104070aIIPAbIIPAd2018-07-19hIssue no: 301pAR8424r2018-07-19w2018-07-19yAR